01230 a2200217 4500003000500000005001700005010001600022020001500038040000900053082001400062100002000076245005300096250001100149260005500160300004600215505058100261650001400842942001300856999001900869952012400888Nust20220802103141.0 a 97046929 a0135782619 cNust00a620.1,HIB1 aHibbeler, R. C.10aEngineering Mechanics Dynamics /cR.C. Hibbeler. aSI ed. aUpper Saddle River, N.J. :bPrentice Hall,cc1998. axvi, 672 p. :bill. (some col.) ;c25 cm. aKinematics of a Particle (Page-3), Kinetics of a Particle: Force and Acceleration (Page-91), Kinetics of a Particle: Work and Energy (Page-145), Kinetics of a Particle: Impulse and Momentum (Page-189), Planner Kinematics of a Rigid Body (Page-269), Planar Kinetics of a Rigid Body: Force and Acceleration (Page-341), Planar Kinetics of a Rigid Body: Work and Energy (Page-397), Planar Kinetics of Rigid Body: Impulse and Momentum (Page-429), Three-Dimensional Kinematics of a Rigid Body (Page-481), Three-Dimensional Kinetics of a Rigid Body (Page-511), Vibrations (Page-557). 0aDynamics. cREF2ddc c175508d175508 00102ddc4070aMCSbMCScREFd2016-12-12o620.1,HIBpMCS30345r2016-12-08w2016-12-12yREFzAlmirah No.20, Shelf No.1